5HLuxD.jpg

KING HENRY VIII SENIOR AND PRIMARY SCHOOL LIBRARY OPAC

Reading for IELTS with answer key : (Record no. 3810)

000 -LEADER
fixed length control field 01855cam a2200445 i 4500
001 - CONTROL NUMBER
control field .b18581377
003 - CONTROL NUMBER IDENTIFIER
control field OCoLC
005 - DATE AND TIME OF LATEST TRANSACTION
control field 20241030170959.0
008 - FIXED-LENGTH DATA ELEMENTS--GENERAL INFORMATION
fixed length control field 160908s2014 enka 000 1 eng
020 ## - INTERNATIONAL STANDARD BOOK NUMBER
International Standard Book Number 9780230463356
Qualifying information (pbk.)
020 ## - INTERNATIONAL STANDARD BOOK NUMBER
International Standard Book Number 0230463355
Qualifying information (pbk.)
035 ## - SYSTEM CONTROL NUMBER
System control number .b18581377
040 ## - CATALOGING SOURCE
Original cataloging agency AU@
Language of cataloging eng
Description conventions rda
Transcribing agency AU@
Modifying agency OCLCO
-- OCLCF
-- OCL
-- NZPPC
-- THCMU
-- OCLCQ
-- BEDGE
-- NKFUST
-- KH8
042 ## - AUTHENTICATION CODE
Authentication code nbic
082 0# - DEWEY DECIMAL CLASSIFICATION NUMBER
Classification number 428.24 SHO
100 1# - MAIN ENTRY--PERSONAL NAME
Personal name Short, Jane,
Relator term author.
245 10 - TITLE STATEMENT
Title Reading for IELTS with answer key :
Remainder of title 6.0-7.5 /
Statement of responsibility, etc. Jane Short.
260 ## - PUBLICATION, DISTRIBUTION, ETC.
Place of publication, distribution, etc. London :
Name of publisher, distributor, etc. Macmillan,
Date of publication, distribution, etc. 2014.
264 #1 - PRODUCTION, PUBLICATION, DISTRIBUTION, MANUFACTURE, AND COPYRIGHT NOTICE
Place of production, publication, distribution, manufacture London :
Name of producer, publisher, distributor, manufacturer Macmillan,
Date of production, publication, distribution, manufacture, or copyright notice 2014.
264 #4 - PRODUCTION, PUBLICATION, DISTRIBUTION, MANUFACTURE, AND COPYRIGHT NOTICE
Date of production, publication, distribution, manufacture, or copyright notice c2014.
300 ## - PHYSICAL DESCRIPTION
Extent 92 pages :
Other physical details colour illustrations ;
Dimensions 27 cm.
336 ## - CONTENT TYPE
Content type term text
Content type code txt
Source rdacontent.
337 ## - MEDIA TYPE
Media type term unmediated
Media type code n
Source rdamedia.
338 ## - CARRIER TYPE
Carrier type term volume
Carrier type code nc
Source rdacarrier.
490 1# - SERIES STATEMENT
Series statement Improve your skills.
520 ## - SUMMARY, ETC.
Summary, etc. Prepares pupils for the Academic IELTS Reading paper. This book is full of exercises and examples to help develop key reading skills and build student confidence on how to approach the Reading tasks in the exam. It is a 'With Key' version.
650 #0 - SUBJECT ADDED ENTRY--TOPICAL TERM
Topical term or geographic name entry element English language
Form subdivision Examinations, questions, etc.
650 #0 - SUBJECT ADDED ENTRY--TOPICAL TERM
Topical term or geographic name entry element International English Language Testing System.
650 #0 - SUBJECT ADDED ENTRY--TOPICAL TERM
Topical term or geographic name entry element English language
Form subdivision Problems, exercises, etc.
650 #0 - SUBJECT ADDED ENTRY--TOPICAL TERM
Topical term or geographic name entry element International English Language Testing System
Form subdivision Study guides.
650 #0 - SUBJECT ADDED ENTRY--TOPICAL TERM
Topical term or geographic name entry element English language
Form subdivision Textbooks for foreign speakers.
650 #0 - SUBJECT ADDED ENTRY--TOPICAL TERM
Topical term or geographic name entry element Reading comprehension.
655 #7 - INDEX TERM--GENRE/FORM
Genre/form data or focus term Examinations.
Source of term fast
Authority record control number or standard number (OCoLC)fst01423780.
655 #7 - INDEX TERM--GENRE/FORM
Genre/form data or focus term Problems and exercises.
Source of term fast
Authority record control number or standard number (OCoLC)fst01423783.
655 #7 - INDEX TERM--GENRE/FORM
Genre/form data or focus term Study guides.
Source of term fast
Authority record control number or standard number (OCoLC)fst01423888.
655 #7 - INDEX TERM--GENRE/FORM
Genre/form data or focus term Textbooks
Form subdivision for foreign speakers.
Source of term fast
Authority record control number or standard number (OCoLC)fst01423864.
700 1# - ADDED ENTRY--PERSONAL NAME
Personal name Whitby, Norman,
Relator term author.
830 #0 - SERIES ADDED ENTRY--UNIFORM TITLE
Uniform title Improve your skills (Macmillan)
942 ## - ADDED ENTRY ELEMENTS (KOHA)
Source of classification or shelving scheme
Koha item type Teaching Resources
Holdings
Withdrawn status Lost status Source of classification or shelving scheme Damaged status Not for loan Collection code Permanent Location Current Location Shelving location Date acquired Total Checkouts Full call number Barcode Date due Date last seen Date last checked out Copy number Price effective from Koha item type
          Teaching Resources KH8 Senior School Library KH8 Senior School Library Staff Office 2024-10-30 1 428.24 SHO TRKHSL006069 2025-07-04 2024-11-07 2024-11-07 2 2024-10-30 Teaching Resources
          Teaching Resources KH8 Senior School Library KH8 Senior School Library Staff Office 2024-10-30 1 428.24 SHO TRKHSL006070 2025-07-04 2024-11-07 2024-11-07 3 2024-10-30 Teaching Resources

Powered By KH8 IT Dept